| 000 | 00398nam a2200169Ia 4500 | ||
|---|---|---|---|
| 008 | 210210b1990 xxu||||| |||| 00| 0 eng d | ||
| 020 | _a0 7069 5373 8 | ||
| 082 | _a589.2 DUBI | ||
| 100 | _aDUBE (H C). | ||
| 245 | _aIntroduction to fungi. Ed 2. | ||
| 250 | _a | ||
| 260 |
_aNew Delhi _bVikas Publishing _c1990 |
||
| 300 | _axii,608 | ||
| 650 | _aFungi | ||
| 690 | _aBotany | ||
| 906 | _a047899 | ||
| 999 |
_c97203 _d97203 |
||